Factors Affecting the Implementation of Induction Programmes in the Public Sector in Kenya: A Case Study of Department of Immigration (Record no. 4198)

000 -LEADER
fixed length control field 00513nam a22001697a 4500
003 - CONTROL NUMBER IDENTIFIER
control field OSt
005 - DATE AND TIME OF LATEST TRANSACTION
control field 20190711140645.0
008 - FIXED-LENGTH DATA ELEMENTS--GENERAL INFORMATION
fixed length control field 190711b xxu||||| |||| 00| 0 eng d
050 ## - LIBRARY OF CONGRESS CALL NUMBER
Classification number HV40.5 K58
100 ## - MAIN ENTRY--PERSONAL NAME
Personal name Kivuva, Betty
245 ## - TITLE STATEMENT
Title Factors Affecting the Implementation of Induction Programmes in the Public Sector in Kenya: A Case Study of Department of Immigration
260 ## - PUBLICATION, DISTRIBUTION, ETC. (IMPRINT)
Place of publication, distribution, etc Nairobi
Date of publication, distribution, etc 2018
300 ## - PHYSICAL DESCRIPTION
Extent ix, 68p
Dimensions 26cm
700 ## - ADDED ENTRY--PERSONAL NAME
Personal name Nganga, Benedita
700 ## - ADDED ENTRY--PERSONAL NAME
Personal name Diago,Tandisonia
942 ## - ADDED ENTRY ELEMENTS (KOHA)
Source of classification or shelving scheme
Koha item type Research Project
Holdings
Withdrawn status Lost status Source of classification or shelving scheme Damaged status Not for loan Home library Current library Shelving location Date acquired Total Checkouts Full call number Barcode Date last seen Price effective from Koha item type
          Riara University Library Riara University Library Special Collection 11/07/2019   RUSC HV40.5 K58, 2018 10119/19 11/07/2019 11/07/2019 Research Project

Riara University Library,
P.O. Box 49940-00100,
Nairobi, Kenya.